000 00498nam a22001697a 4500
005 20251108165944.0
008 250721s9999 xx 000 0 ara d
082 1 4 _aط/ق/سلق
100 1 _aسلق، غسان
245 1 0 _aالفأر و العالم /
264 1 _aبيروت :
_bدار الشرق العربي،
_c[19-].
300 _a24ص.
650 1 7 _aالقصص العربية
653 _aأطفال مرحلة متوسطة ( 6 -9 سنوات )
942 _2ddc
_cBK
999 _c35833
_d35833